To study the feasibility of installing landing gear cowls on MFI-17 Mashshak A/C if found feasibe to give manufacturing and fabrication progress of cowls (Record no. 325996)
[ view plain ]
| 000 -LEADER | |
|---|---|
| fixed length control field | 00490 a2200133 4500 |
| 001 - CONTROL NUMBER | |
| control field | 90923 |
| 082 ## - DEWEY DECIMAL CLASSIFICATION NUMBER | |
| Classification number | PR 1011 |
| 090 ## - LOCALLY ASSIGNED LC-TYPE CALL NUMBER (OCLC); LOCAL CALL NUMBER (RLIN) | |
| -- | 43056 |
| -- | 43056 |
| 100 ## - MAIN ENTRY--PERSONAL NAME | |
| Personal name | Farhat Abbas; Prof Salman Absar and M Ismail (advisors) |
| 245 ## - TITLE STATEMENT | |
| Title | To study the feasibility of installing landing gear cowls on MFI-17 Mashshak A/C if found feasibe to give manufacturing and fabrication progress of cowls |
| Number of part/section of a work | 31st 'A' EC |
| 260 ## - PUBLICATION, DISTRIBUTION, ETC. | |
| Place of publication, distribution, etc. | Karachi |
| Name of publisher, distributor, etc. | NED University |
| Date of publication, distribution, etc. | 1990 |
| 300 ## - PHYSICAL DESCRIPTION | |
| Extent | vi;50p |
| 500 ## - GENERAL NOTE | |
| General note | BE Project Reports |
| 942 ## - ADDED ENTRY ELEMENTS (KOHA) | |
| Institution code [OBSOLETE] | CAE Nust |
| Call number prefix | PR 1011 |
| Withdrawn status | Lost status | Damaged status | Not for loan | Collection code | Permanent Location | Current Location | Date acquired | Total Checkouts | Full call number | Barcode | Date last seen | Price effective from | Koha item type |
|---|---|---|---|---|---|---|---|---|---|---|---|---|---|
| College of Aeronautical Engineering (CAE) | College of Aeronautical Engineering (CAE) | 04/03/2017 | PR 1011 | CAEPR-1011 | 04/05/2017 | 04/05/2017 | Book |
